Kỹ thuật trồng rau sạch

Sách cung cấp những nghiên cứu của các nhà chuyên môn và những kinh nghiệm sản xuất của nông dân về kỹ thuật trồng rau sạch. Đây là một vấn đề mới, rất phức tạp, cần có sự hiểu biết tổng hợp của nhiều chuyên ngành. Trước tiên sách...

Πλήρης περιγραφή

Αποθηκεύτηκε σε:
Λεπτομέρειες βιβλιογραφικής εγγραφής
Κύριος συγγραφέας: Trần Khắc Thi
Μορφή: Βιβλίο
Γλώσσα:Undetermined
Έκδοση: H. Nông Nghiệp 2002
Θέματα:
Ετικέτες: Προσθήκη ετικέτας
Δεν υπάρχουν, Καταχωρήστε ετικέτα πρώτοι!
Thư viện lưu trữ: Trung tâm Học liệu Trường Đại học Cần Thơ
LEADER 01300nam a2200217Ia 4500
001 CTU_57013
008 210402s9999 xx 000 0 und d
020 |b 8.600đ 
082 |a 632.9 
082 |b Th300 
100 |a Trần Khắc Thi 
245 0 |a Kỹ thuật trồng rau sạch 
245 0 |c Trần Khắc Thi 
260 |a H. 
260 |b Nông Nghiệp 
260 |c 2002 
520 |a Sách cung cấp những nghiên cứu của các nhà chuyên môn và những kinh nghiệm sản xuất của nông dân về kỹ thuật trồng rau sạch. Đây là một vấn đề mới, rất phức tạp, cần có sự hiểu biết tổng hợp của nhiều chuyên ngành. Trước tiên sách trình bày về hiện trạng và môi trường sản xuất rau ở nước ta; kế đến là tổ chức sản xuất rau sạch và sau cùng sách cung cấp các kỹ thuật trồng một số loại rau chủ yếu như bắp cải, su hào, cà chua, ớt, đậu, ngô... 
650 |a pests,vegetables 
650 |x integrated control,diseases and pests 
904 |i Minh, 010606 
980 |a Trung tâm Học liệu Trường Đại học Cần Thơ